header

Class representation in modern fiction and film (Record no. 237976)

MARC details
000 -LEADER
fixed length control field 01316nam a2200325Ia 4500
082 04 - DEWEY DECIMAL CLASSIFICATION NUMBER
Classification number 810.9355
100 1# - MAIN ENTRY--AUTHOR NAME
Personal name Gandal, Keith.
245 10 - TITLE STATEMENT
Title Class representation in modern fiction and film
260 ## - PUBLICATION, DISTRIBUTION, ETC. (IMPRINT)
Place of publication Basingstoke :
Name of publisher Palgrave Macmillan,
Year of publication c2007.
300 ## - PHYSICAL DESCRIPTION
Number of Pages x, 226 p.
650 #0 - SUBJECT ADDED ENTRY--TOPICAL TERM
Topical Term Social classes in literature.
Topical Term Social classes in motion pictures.
Topical Term American literature
Topical Term American literature
856 40 - ELECTRONIC LOCATION AND ACCESS
Uniform Resource Identifier http://site.ebrary.com/lib/rucke/Doc?id=10175720

No items available.

© 2026 Rongo University
Contact us: librarian | system librarian | Rongo university